[Event "Landesliga Ost MVP 2013-14"]
[Site "?"]
[Date "2014.03.16"]
[Round "7.8"]
[White "Springer, Guido"]
[Black "Hoerhold, Martin"]
[Result "0-1"]
[WhiteElo "1762"]
[BlackElo "1538"]
[PlyCount "58"]
[EventType "team-tourn"]
[EventRounds "9"]
[EventCountry "GER"]
[WhiteTeam "SV Gryps"]
[BlackTeam "SG Eintracht Neubrandenburg"]
[WhiteTeamCountry "GER"]
[BlackTeamCountry "GER"]

1. d4 d6 2. Nf3 g6 3. c4 Nf6 4. Nc3 Bg7 5. e4 O-O 6. h3 c5 7. Be3 cxd4 8. Nxd4
Nc6 9. Qd2 Bd7 10. Be2 Rc8 11. O-O Ne5 12. b3 Qa5 13. Nd5 Qxd2 14. Nxe7+ Kh8
15. Bxd2 Rce8 16. Nd5 Nxe4 17. Be3 Nc6 18. Rad1 f5 19. Bf3 f4 20. Nxf4 Nxd4 21.
Bxd4 Rxf4 22. Bxa7 Bc6 23. Bxe4 Rfxe4 24. Rxd6 Ra8 25. f3 Ree8 26. Bf2 Rxa2 27.
Rb1 Bf8 28. Rdd1 Ree2 29. Rf1 Bc5 0-1

[Event "Landesliga Ost MVP 2013-14"]
[Site "?"]
[Date "2014.03.16"]
[Round "7.1"]
[White "Scheel, Henrik"]
[Black "Dupke, Andreas"]
[Result "1-0"]
[WhiteElo "1901"]
[BlackElo "1802"]
[PlyCount "73"]
[EventType "team-tourn"]
[EventRounds "9"]
[EventCountry "GER"]
[WhiteTeam "SV Rugia Bergen"]
[BlackTeam "SV Turbine Neubrandenburg"]
[WhiteTeamCountry "GER"]
[BlackTeamCountry "GER"]

1. d4 Nf6 2. Nf3 g6 3. c4 Bg7 4. Nc3 O-O 5. e4 d6 6. Be2 e5 7. dxe5 dxe5 8.
Qxd8 Rxd8 9. Bg5 Re8 10. Nd5 Nxd5 11. cxd5 Bf8 12. O-O Nd7 13. Rac1 Bd6 14. Nd2
Nb6 15. a4 a5 16. Bb5 Bd7 17. Nc4 Bxb5 18. Nxd6 cxd6 19. axb5 Na4 20. Rc7 Nxb2
21. f4 exf4 22. Rxf4 f5 23. exf5 Re1+ 24. Rf1 Rxf1+ 25. Kxf1 Rf8 26. f6 h6 27.
Bxh6 Rxf6+ 28. Ke2 Rf5 29. Rg7+ Kh8 30. Rxb7 Nc4 31. Bg7+ Kg8 32. Kd3 Na3 33.
Bd4 Rxd5 34. b6 Rb5 35. Rg7+ Kf8 36. b7 a4 37. Rh7 {1-0 (37) Scheel,H-Dupke,A
Home 2014} 1-0

[Event "Landesliga Ost MVP 2013-14"]
[Site "?"]
[Date "2014.03.16"]
[Round "7.2"]
[White "Voigt, Michael"]
[Black "Pawlick, Helmut"]
[Result "1/2-1/2"]
[WhiteElo "1720"]
[BlackElo "1871"]
[PlyCount "80"]
[EventType "team-tourn"]
[EventRounds "9"]
[EventCountry "GER"]
[WhiteTeam "SV Turbine Neubrandenburg"]
[BlackTeam "SV Rugia Bergen"]
[WhiteTeamCountry "GER"]
[BlackTeamCountry "GER"]

1. c4 Nf6 2. Nc3 e5 3. g3 d5 4. cxd5 Nxd5 5. Bg2 Be6 6. Nf3 Nc6 7. O-O Be7 8.
d3 Qd7 9. Re1 O-O-O 10. a3 f6 11. Nxd5 Bxd5 12. Be3 g5 13. b4 g4 14. Nd2 Bxg2
15. Kxg2 h5 16. Rg1 h4 17. Kf1 hxg3 18. hxg3 Rh2 19. Qa4 Rdh8 20. b5 Nd4 21.
Bxd4 exd4 22. Qxa7 Qd5 23. Rc1 Rh1 24. f3 f5 25. b6 c5 26. Qa4 R1h2 27. Rc2
R2h6 28. Rc4 Bd6 29. Rc2 R8h7 30. Qc4 Qc6 31. Qg8+ Kd7 32. Qg5 Rh5 33. Qg6 Qd5
34. fxg4 fxg4 35. Qxg4+ Kc6 36. Qe4 Rf7+ 37. Ke1 Kxb6 38. Nc4+ Kc6 39. Qe8+ Kc7
40. Qb5 Qc6 {1/2-1/2 (40) Voigt,M-Pawlick} 1/2-1/2

[Event "Landesliga Ost MVP 2013-14"]
[Site "?"]
[Date "2014.03.16"]
[Round "7.4"]
[White "Peters, Hans Joachim"]
[Black "Tabbert, Dirk"]
[Result "0-1"]
[WhiteElo "1701"]
[BlackElo "1588"]
[PlyCount "64"]
[EventType "team-tourn"]
[EventRounds "9"]
[EventCountry "GER"]
[WhiteTeam "SV Turbine Neubrandenburg"]
[BlackTeam "SV Rugia Bergen"]
[WhiteTeamCountry "GER"]
[BlackTeamCountry "GER"]

1. e4 c6 2. d4 d5 3. Nc3 dxe4 4. Nxe4 Bf5 5. Ng3 Bg6 6. Nf3 e6 7. h4 h6 8. Ne5
Bh7 9. Be3 Nf6 10. Bd3 Bxd3 11. Qxd3 Nbd7 12. Nc4 Nd5 13. O-O-O Be7 14. Ne4
Nxe3 15. Qxe3 Nb6 16. Ne5 Nd5 17. Qg3 Bf6 18. c3 Qe7 19. Nc4 O-O 20. Ne5 Rad8
21. f4 Qc7 22. Qf3 Bxe5 23. fxe5 f5 24. Nc5 Qf7 25. g3 Rde8 26. Nd3 Re7 27. h5
f4 28. g4 g5 29. hxg6 Qxg6 30. Rh5 Rg7 31. Nf2 Ne3 32. Rdh1 Qc2# 0-1

[Event "Landesliga Ost MVP 2013-14"]
[Site "?"]
[Date "2014.03.16"]
[Round "7.5"]
[White "Pawlowicz, Karsten"]
[Black "Schubert, Jens"]
[Result "1/2-1/2"]
[WhiteElo "1558"]
[BlackElo "1582"]
[PlyCount "25"]
[EventType "team-tourn"]
[EventRounds "9"]
[EventCountry "GER"]
[WhiteTeam "SV Rugia Bergen"]
[BlackTeam "SV Turbine Neubrandenburg"]
[WhiteTeamCountry "GER"]
[BlackTeamCountry "GER"]

1. c4 e5 2. Nc3 Nc6 3. e3 Nf6 4. d4 exd4 5. exd4 d5 6. c5 Be7 7. Bb5 O-O 8. h3
Re8 9. Nge2 Bf5 10. Bxc6 bxc6 11. Be3 Rb8 12. b3 h6 13. Ng3 1/2-1/2

[Event "Landesliga Ost MVP 2013-14"]
[Site "?"]
[Date "2014.03.16"]
[Round "7.6"]
[White "Hartung, Lothar"]
[Black "Pawlick, Hannes"]
[Result "1-0"]
[WhiteElo "1798"]
[BlackElo "1653"]
[PlyCount "41"]
[EventType "team-tourn"]
[EventRounds "9"]
[EventCountry "GER"]
[WhiteTeam "SV Turbine Neubrandenburg"]
[BlackTeam "SV Rugia Bergen"]
[WhiteTeamCountry "GER"]
[BlackTeamCountry "GER"]

1. d4 e6 2. f4 d5 3. Nf3 Nf6 4. e3 Be7 5. Bd3 O-O 6. O-O b6 7. c3 c5 8. Qe2 Nc6
9. Nbd2 Bb7 10. f5 Nd7 11. fxe6 fxe6 12. e4 cxd4 13. exd5 exd5 14. Qe6+ Kh8 15.
Qh3 Nf6 16. Nxd4 Ne5 17. Rxf6 Nxd3 18. Rxf8+ Qxf8 19. Qxd3 Qf6 20. N2f3 Re8 21.
Bg5 1-0

[Event "Landesliga Ost MVP 2013-14"]
[Site "?"]
[Date "2014.03.16"]
[Round "7.7"]
[White "Behrens, Christoph"]
[Black "Sonnenberg, Uwe"]
[Result "1/2-1/2"]
[WhiteElo "1553"]
[BlackElo "1595"]
[PlyCount "44"]
[EventType "team-tourn"]
[EventRounds "9"]
[EventCountry "GER"]
[WhiteTeam "SV Rugia Bergen"]
[BlackTeam "SV Turbine Neubrandenburg"]
[WhiteTeamCountry "GER"]
[BlackTeamCountry "GER"]

1. e4 e6 2. Nf3 c5 3. Nc3 Nc6 4. Bc4 a6 5. a3 b5 6. Ba2 h6 7. O-O d6 8. d4 cxd4
9. Nxd4 Nxd4 10. Qxd4 Bb7 11. Be3 Nf6 12. f3 Be7 13. Qd2 O-O 14. Ne2 Qc7 15.
Nd4 Rfe8 16. Rac1 d5 17. exd5 Bxd5 18. Bxd5 Nxd5 19. Kh1 Nxe3 20. Qxe3 Bf6 21.
c3 Qb6 22. Nc2 Qxe3 1/2-1/2

[Event "Landesliga Ost MVP 2013-14"]
[Site "?"]
[Date "2014.03.16"]
[Round "7.8"]
[White "Leisner, Ekkehardt"]
[Black "Scheel, Manfred"]
[Result "0-1"]
[WhiteElo "1583"]
[BlackElo "1480"]
[PlyCount "74"]
[EventType "team-tourn"]
[EventRounds "9"]
[EventCountry "GER"]
[WhiteTeam "SV Turbine Neubrandenburg"]
[BlackTeam "SV Rugia Bergen"]
[WhiteTeamCountry "GER"]
[BlackTeamCountry "GER"]

1. c4 e5 2. g3 Nf6 3. Bg2 c6 4. e3 Be7 5. Ne2 d6 6. b3 O-O 7. Bb2 Bg4 8. h3 Bf5
9. O-O Nbd7 10. d4 Qc8 11. Nbc3 Rd8 12. Kh2 Nf8 13. Qd2 h6 14. g4 Be6 15. Ng3
Ng6 16. f3 Nh4 17. Bh1 exd4 18. exd4 d5 19. c5 Qc7 20. Nce2 Nh7 21. f4 f5 22.
gxf5 Nxf5 23. Nxf5 Bxf5 24. Ng3 Rf8 25. Rae1 Bh4 26. Re5 Bxg3+ 27. Kxg3 Qf7 28.
Kh2 Qh5 29. Bg2 Nf6 30. Ree1 Qh4 31. Rf3 Be4 32. Qf2 Ng4+ 33. Kg1 Nxf2 34. Rxf2
Rxf4 35. Ref1 Rxf2 36. Rxf2 Bxg2 37. Kxg2 Rf8 0-1

[Event "Landesliga Ost MVP 2013-14"]
[Site "?"]
[Date "2014.04.06"]
[Round "8.1"]
[White "Voelsgen, Georg"]
[Black "Voelschow, Siegfried"]
[Result "1-0"]
[WhiteElo "1943"]
[BlackElo "1975"]
[PlyCount "81"]
[EventType "team-tourn"]
[EventRounds "9"]
[EventCountry "GER"]
[WhiteTeam "SV Gryps"]
[BlackTeam "SV Waterkant Saal"]
[WhiteTeamCountry "GER"]
[BlackTeamCountry "GER"]

1. e4 e5 2. Nf3 Nc6 3. Bc4 Nf6 4. d3 Bc5 5. Bg5 d6 6. Nbd2 Be6 7. c3 Qd7 8. b4
Bb6 9. a4 a6 10. Qe2 h6 11. Bh4 g5 12. Bg3 Nh5 13. Nxe5 dxe5 14. Bxe6 Qxe6 15.
Qxh5 O-O-O 16. Qf3 h5 17. h4 g4 18. Qe2 Ne7 19. Nc4 Ng6 20. O-O-O Ba7 21. Kb2
Rd7 22. Ne3 Rhd8 23. Nf5 Qc6 24. Qc2 Nf4 25. Bxf4 exf4 26. d4 Kb8 27. f3 Re8
28. Rhf1 g3 29. Rd3 Qf6 30. Rfd1 Qc6 31. c4 Red8 32. c5 b6 33. d5 Qf6+ 34. Ka2
c6 35. d6 Qe6+ 36. Ka3 a5 37. Rb1 Ka8 38. cxb6 Bxb6 39. Qxc6+ Rb7 40. Rc3 axb4+
41. Rxb4 1-0

[Event "Landesliga Ost MVP 2013-14"]
[Site "?"]
[Date "2014.04.06"]
[Round "8.2"]
[White "Schwarz, Eckhard"]
[Black "Windjaeger, Gerd"]
[Result "1/2-1/2"]
[WhiteElo "1843"]
[BlackElo "1893"]
[PlyCount "29"]
[EventType "team-tourn"]
[EventRounds "9"]
[EventCountry "GER"]
[WhiteTeam "SV Waterkant Saal"]
[BlackTeam "SV Gryps"]
[WhiteTeamCountry "GER"]
[BlackTeamCountry "GER"]

1. Nf3 d5 2. d4 Nf6 3. e3 c6 4. c4 e6 5. Nbd2 Nbd7 6. Bd3 Be7 7. O-O O-O 8. e4
dxe4 9. Nxe4 c5 10. Qc2 cxd4 11. Nxd4 Nxe4 12. Bxe4 Nf6 13. Rd1 Nxe4 14. Qxe4
a6 15. Be3 1/2-1/2

[Event "Landesliga Ost MVP 2013-14"]
[Site "?"]
[Date "2014.04.06"]
[Round "8.3"]
[White "Mauser, Tassilo Tino"]
[Black "Onasch, Gunnar"]
[Result "0-1"]
[WhiteElo "1804"]
[BlackElo "1863"]
[PlyCount "82"]
[EventType "team-tourn"]
[EventRounds "9"]
[EventCountry "GER"]
[WhiteTeam "SV Gryps"]
[BlackTeam "SV Waterkant Saal"]
[WhiteTeamCountry "GER"]
[BlackTeamCountry "GER"]

1. e4 c5 2. Nf3 d6 3. g3 g6 4. Bg2 Bg7 5. O-O Nc6 6. c3 Nf6 7. Re1 O-O 8. d4 e5
9. dxc5 dxc5 10. Nbd2 Qc7 11. Qe2 Rd8 12. b3 h6 13. Ba3 Rb8 14. Qb5 Nd7 15. Bh3
a6 16. Qc4 Bf8 17. Qe2 b5 18. Bb2 Bg7 19. Rad1 Nf8 20. Bxc8 Rbxc8 21. a4 Qb7
22. axb5 axb5 23. Qe3 Ne6 24. Nf1 Na5 25. Rxd8+ Rxd8 26. N3d2 c4 27. b4 Nc6 28.
Qe2 Rd3 29. Rd1 Qd7 30. Ne3 h5 31. Nd5 Nc7 32. Nxc7 Qxc7 33. Nf1 Rd7 34. Bc1
Ne7 35. Rxd7 Qxd7 36. Qd2 Qxd2 37. Bxd2 f5 38. Bg5 Kf7 39. exf5 gxf5 40. Ne3 f4
41. Bxe7 fxe3 0-1

[Event "Landesliga Ost MVP 2013-14"]
[Site "?"]
[Date "2014.04.06"]
[Round "8.4"]
[White "Richter, Frank"]
[Black "Hollatz, Michael"]
[Result "1/2-1/2"]
[WhiteElo "1655"]
[BlackElo "1743"]
[PlyCount "77"]
[EventType "team-tourn"]
[EventRounds "9"]
[EventCountry "GER"]
[WhiteTeam "SV Waterkant Saal"]
[BlackTeam "SV Gryps"]
[WhiteTeamCountry "GER"]
[BlackTeamCountry "GER"]

1. d4 d5 2. c4 c6 3. Nc3 Nf6 4. Nf3 g6 5. cxd5 cxd5 6. e3 Bg7 7. Bd3 Nc6 8. O-O
O-O 9. a3 b6 10. Bd2 Bb7 11. Rc1 Rc8 12. Qe2 Re8 13. Bb5 Nd7 14. Rfd1 e5 15.
dxe5 Ndxe5 16. Be1 Nxf3+ 17. Qxf3 Ne5 18. Qe2 Rf8 19. Na2 Nd7 20. Rxc8 Qxc8 21.
Rc1 Qd8 22. Bb4 Re8 23. Qc2 a6 24. Bxd7 Qxd7 25. Qc7 Bc8 26. Qxd7 Bxd7 27. Bc3
Bh6 28. Bd4 Bb5 29. Nb4 Bc4 30. Rc3 a5 31. Nc6 Bg7 32. Bxg7 Kxg7 33. b3 Ba6 34.
Nd4 Rc8 35. Rxc8 Bxc8 36. Kf1 Kf6 37. f3 Bd7 38. Kf2 Ke5 39. h4 1/2-1/2

[Event "Landesliga Ost MVP 2013-14"]
[Site "?"]
[Date "2014.04.06"]
[Round "8.5"]
[White "Giering, Nils"]
[Black "Nickel, Reimo"]
[Result "1/2-1/2"]
[WhiteElo "1617"]
[BlackElo "1767"]
[PlyCount "73"]
[EventType "team-tourn"]
[EventRounds "9"]
[EventCountry "GER"]
[WhiteTeam "SV Gryps"]
[BlackTeam "SV Waterkant Saal"]
[WhiteTeamCountry "GER"]
[BlackTeamCountry "GER"]

1. e4 e5 2. Nf3 Nc6 3. Nc3 d6 4. Bb5 Bd7 5. O-O Nf6 6. Re1 h6 7. d4 exd4 8.
Nxd4 Nxd4 9. Qxd4 Be7 10. e5 dxe5 11. Qxe5 Kf8 12. Be3 Bd6 13. Bc5 Ne8 14. Rad1
Kg8 15. Qe3 Bxb5 16. Nxb5 Qf6 17. Bd4 Qh4 18. g3 Qg4 19. Bc3 a6 20. Nd4 Nf6 21.
Nf3 Qf5 22. Nd4 Qh3 23. Qf3 Ng4 24. Qh1 Bc5 25. f3 Nf6 26. Re2 Kh7 27. Qg2
Qxg2+ 28. Kxg2 Rad8 29. Red2 Nd5 30. Nf5 Nxc3 31. Rxd8 Nxd1 32. Rxd1 Re8 33.
Rd2 g6 34. Nh4 Kg7 35. f4 Re1 36. a4 Rg1+ 37. Kh3 1/2-1/2

[Event "Landesliga Ost MVP 2013-14"]
[Site "?"]
[Date "2014.04.06"]
[Round "8.6"]
[White "Ehmann, Roland"]
[Black "Sadewasser, Lucie"]
[Result "1/2-1/2"]
[WhiteElo "1507"]
[BlackElo "1431"]
[PlyCount "92"]
[EventType "team-tourn"]
[EventRounds "9"]
[EventCountry "GER"]
[WhiteTeam "SV Waterkant Saal"]
[BlackTeam "SV Gryps"]
[WhiteTeamCountry "GER"]
[BlackTeamCountry "GER"]

1. d4 Nf6 2. c4 c5 3. e3 d6 4. dxc5 Qa5+ 5. Bd2 Qxc5 6. b4 Qc7 7. Nc3 Bd7 8.
Nf3 e5 9. Rc1 Be7 10. a4 O-O 11. Nd5 Nxd5 12. cxd5 Qd8 13. e4 Bg4 14. Be2 Bxf3
15. Bxf3 Nd7 16. Be2 Rc8 17. O-O Nf6 18. Bd3 Rxc1 19. Qxc1 Qb8 20. Be3 Rc8 21.
Qd2 Bd8 22. f3 Nd7 23. Qf2 g6 24. Bxa7 Qa8 25. a5 b6 26. axb6 Qb7 27. Qd2 Nxb6
28. Bxb6 Bxb6+ 29. Kh1 Bd4 30. Rc1 h6 31. Rxc8+ Qxc8 32. b5 Qa8 33. Qd1 Qa2 34.
Qb1 Qxb1+ 35. Bxb1 Kf8 36. g4 Ke7 37. Kg2 Kf6 38. h4 Ke7 39. Kg3 g5 40. h5 f6
41. Kg2 Kd7 42. Kf1 Kc7 43. Ke2 Kb6 44. Bd3 Bc5 45. Kd2 Bd4 46. Kc2 Bc5 1/2-1/2

[Event "Landesliga Ost MVP 2013-14"]
[Site "?"]
[Date "2014.04.06"]
[Round "8.7"]
[White "Mielke, Sven"]
[Black "Nickel, Udo"]
[Result "1/2-1/2"]
[WhiteElo "1812"]
[BlackElo "1675"]
[PlyCount "85"]
[EventType "team-tourn"]
[EventRounds "9"]
[EventCountry "GER"]
[WhiteTeam "SV Gryps"]
[BlackTeam "SV Waterkant Saal"]
[WhiteTeamCountry "GER"]
[BlackTeamCountry "GER"]

1. e4 e6 2. f4 d5 3. e5 c5 4. Nf3 Qb6 5. c4 Nc6 6. Nc3 Nh6 7. cxd5 exd5 8. Nxd5
Qd8 9. Ne3 Be7 10. Bc4 O-O 11. O-O Nf5 12. d3 Nfd4 13. Nd5 Bg4 14. Be3 a6 15.
Bxd4 Nxd4 16. Nxe7+ Qxe7 17. Bd5 Rad8 18. Be4 f5 19. exf6 Rxf6 20. Qe1 Nxf3+
21. gxf3 Bf5 22. Qc3 Bxe4 23. fxe4 Qd7 24. Rf3 Rg6+ 25. Kh1 Qd4 26. Qxd4 Rxd4
27. Rc1 b6 28. Rg1 Rxg1+ 29. Kxg1 c4 30. dxc4 Rxc4 31. Re3 Rc2 32. Rb3 b5 33.
a4 bxa4 34. Rb4 a5 35. Rxa4 Rxb2 36. Rxa5 Re2 37. e5 Kf7 38. f5 Re4 39. Kg2 Rf4
40. e6+ Kf6 41. Ra7 Rxf5 42. Rf7+ Kxe6 43. Rxg7 1/2-1/2

[Event "Landesliga Ost MVP 2013-14"]
[Site "?"]
[Date "2014.04.06"]
[Round "8.1"]
[White "Patzenhauer, Max"]
[Black "Scheel, Henrik"]
[Result "1-0"]
[WhiteElo "1858"]
[BlackElo "1901"]
[PlyCount "147"]
[EventType "team-tourn"]
[EventRounds "9"]
[EventCountry "GER"]
[WhiteTeam "SV Motor Wolgast 1949"]
[BlackTeam "SV Rugia Bergen"]
[WhiteTeamCountry "GER"]
[BlackTeamCountry "GER"]

1. d4 d5 2. Nf3 Nf6 3. Bf4 e6 4. e3 a6 5. Bd3 Nbd7 6. Nbd2 c6 7. O-O Be7 8. c3
Nh5 9. Be5 f5 10. h3 Nxe5 11. Nxe5 Nf6 12. f4 Bd6 13. Ndf3 Bxe5 14. Nxe5 g6 15.
Qe1 Nd7 16. Nf3 Qe7 17. Rc1 Nf6 18. Qh4 Ng8 19. Qxe7+ Kxe7 20. g4 Nf6 21. Ne5
Bd7 22. c4 Rac8 23. c5 Ra8 24. Kg2 Rhf8 25. Rc3 Rfc8 26. g5 Ne8 27. h4 Ng7 28.
Be2 Be8 29. Rb3 Rc7 30. Rc1 Kd8 31. Rb6 Ke7 32. Rc3 Kd8 33. Kf2 Ke7 34. Rcb3
Ra7 35. Nf3 Kd8 36. Rc3 Ke7 37. Nd2 Kd8 38. Nf1 Nh5 39. Ng3 Ke7 40. Rc1 Ra8 41.
Rb3 Ra7 42. Rbc3 Ra8 43. b4 Ra7 44. Rb1 Rc8 45. Rcb3 Kd8 46. a4 Rc7 47. R1b2
Kc8 48. b5 axb5 49. axb5 cxb5 50. Nxh5 gxh5 51. Bxb5 Bxb5 52. Rxb5 Ra6 53. Ke2
Kb8 54. Kd3 Kc8 55. Kc3 Kb8 56. Rb6 Rxb6 57. Rxb6 Rc6 58. Rb2 Ra6 59. Kc2 Kc7
60. Rb1 Ra8 61. Rb6 Re8 62. Kb3 Re7 63. Kb4 Kc8 64. c6 bxc6 65. Rxc6+ Kb7 66.
Kb5 Re8 67. Kc5 Re7 68. Kd6 Rg7 69. Rc3 Rg6 70. Rc7+ Kb6 71. Rxh7 Kb5 72. Rxh5
Kc4 73. Rh6 Rg8 74. Rxe6 1-0

[Event "Landesliga Ost MVP 2013-14"]
[Site "?"]
[Date "2014.04.06"]
[Round "8.2"]
[White "Pawlick, Helmut"]
[Black "Riebort, Frank"]
[Result "1-0"]
[WhiteElo "1871"]
[BlackElo "1932"]
[PlyCount "107"]
[EventType "team-tourn"]
[EventRounds "9"]
[EventCountry "GER"]
[WhiteTeam "SV Rugia Bergen"]
[BlackTeam "SV Motor Wolgast 1949"]
[WhiteTeamCountry "GER"]
[BlackTeamCountry "GER"]

1. e4 e5 2. Nf3 Nf6 3. Nc3 Bb4 4. a3 Bxc3 5. dxc3 d6 6. Bc4 O-O 7. Bg5 h6 8.
Bh4 Be6 9. Bxe6 fxe6 10. Qe2 Nc6 11. O-O-O Qe8 12. Rde1 Qg6 13. Bg3 Nh5 14. Nd2
Nf4 15. Bxf4 exf4 16. f3 Ne5 17. Reg1 Rf6 18. g4 Rff8 19. h4 Rfe8 20. Qh2 Qf7
21. h5 Qf6 22. Qe2 Nf7 23. Qb5 b6 24. Qc6 Qe7 25. Rh2 Ng5 26. Rf1 Red8 27. Nb3
Qd7 28. Qc4 c5 29. Rd2 Qe7 30. Qe2 Rd7 31. Rfd1 Rad8 32. Kb1 d5 33. e5 Nf7 34.
Nc1 Qg5 35. Re1 Qe7 36. Nd3 Ng5 37. Nf2 b5 38. Red1 a5 39. Nd3 Rf8 40. Ne1 Rb7
41. Ng2 b4 42. cxb4 axb4 43. axb4 Rxb4 44. c3 Ra4 45. Ne1 Qa7 46. Kc2 Ra2 47.
Rb1 Ra1 48. Rxa1 Qxa1 49. Qd1 Qa5 50. Qb1 Rd8 51. b4 cxb4 52. Qxb4 Qa2+ 53. Kd1
Rc8 $4 54. Rxa2 1-0

[Event "Landesliga Ost MVP 2013-14"]
[Site "?"]
[Date "2014.04.06"]
[Round "8.4"]
[White "Pawlowicz, Wolfgang"]
[Black "Schellner, Ulf"]
[Result "1/2-1/2"]
[WhiteElo "1755"]
[BlackElo "1642"]
[PlyCount "23"]
[EventType "team-tourn"]
[EventRounds "9"]
[EventCountry "GER"]
[WhiteTeam "SV Rugia Bergen"]
[BlackTeam "SV Motor Wolgast 1949"]
[WhiteTeamCountry "GER"]
[BlackTeamCountry "GER"]

1. c4 c5 2. Nc3 Nc6 3. Nf3 g6 4. g3 Bg7 5. Bg2 d6 6. d3 Nf6 7. O-O O-O 8. Bd2
Re8 9. Rc1 Bf5 10. Nh4 Be6 11. Nf3 h6 12. h3 1/2-1/2

[Event "Landesliga Ost MVP 2013-14"]
[Site "?"]
[Date "2014.04.06"]
[Round "8.5"]
[White "Pochop, Bert"]
[Black "Burwitz, Joerg"]
[Result "1/2-1/2"]
[WhiteElo "1797"]
[BlackElo "1673"]
[PlyCount "26"]
[EventType "team-tourn"]
[EventRounds "9"]
[EventCountry "GER"]
[WhiteTeam "SV Motor Wolgast 1949"]
[BlackTeam "SV Rugia Bergen"]
[WhiteTeamCountry "GER"]
[BlackTeamCountry "GER"]

1. d4 d5 2. c4 c6 3. e3 Nf6 4. Bd3 dxc4 5. Bxc4 Bf5 6. Ne2 e6 7. O-O Bd6 8. Nd2
O-O 9. Ng3 Qc7 10. f4 c5 11. Nxf5 exf5 12. Nf3 cxd4 13. Qxd4 Nc6 1/2-1/2

[Event "Landesliga Ost MVP 2013-14"]
[Site "?"]
[Date "2014.04.06"]
[Round "8.6"]
[White "Tabbert, Dirk"]
[Black "Reimer, Karl"]
[Result "1-0"]
[WhiteElo "1588"]
[BlackElo "1619"]
[PlyCount "168"]
[EventType "team-tourn"]
[EventRounds "9"]
[EventCountry "GER"]
[WhiteTeam "SV Rugia Bergen"]
[BlackTeam "SV Motor Wolgast 1949"]
[WhiteTeamCountry "GER"]
[BlackTeamCountry "GER"]

1. c4 Nf6 2. Nc3 e6 3. g3 d5 4. cxd5 Nxd5 5. Bg2 Be7 6. Nf3 O-O 7. O-O Nc6 8.
d3 Rb8 9. Nxd5 exd5 10. Bf4 Re8 11. Rc1 Bd6 12. Bg5 Be7 13. Bf4 Bd6 14. Bxd6
Qxd6 15. d4 Bf5 16. e3 Qb4 17. Qd2 Qxd2 18. Nxd2 Re7 19. Bxd5 Nb4 20. Bc4 b5
21. Be2 Nxa2 22. Ra1 Be6 23. Bf3 Nb4 24. Rxa7 Kf8 25. b3 c6 26. Rfa1 Rd8 27.
Rxe7 Kxe7 28. Ne4 Bd5 29. Kg2 Nc2 30. Rc1 Nb4 31. Nc5 f5 32. Bxd5 Rxd5 33. Ra1
h6 34. h4 g6 35. Kf3 g5 36. hxg5 hxg5 37. Ra7+ Kf6 38. Nd7+ Ke6 39. Nf8+ Kf6
40. Nh7+ Kg6 41. Nf8+ Kf6 42. Nd7+ Ke6 43. Nc5+ Kf6 44. g4 Kg6 45. Re7 f4 46.
Rd7 fxe3 47. fxe3 Kf6 48. Ne4+ Kg6 49. Rxd5 Nxd5 50. Nc5 Kf6 51. e4 Nc3 52. e5+
Kg6 53. Ne6 Nd5 54. Ke4 Nc3+ 55. Kd3 Nd5 56. Nd8 Ne7 57. Kc3 Nd5+ 58. Kd3 Ne7
59. Ke4 Kg7 60. Ne6+ Kg6 61. Nc7 Kf7 62. d5 cxd5+ 63. Nxd5 Nc6 64. b4 Kg6 65.
e6 Kg7 66. e7 Kf7 67. Kf5 Nxb4 68. Nxb4 Kxe7 69. Kxg5 Kd6 70. Kf6 Kc5 71. Nc2
Kc4 72. g5 Kc3 73. Nb4 Kxb4 74. g6 Kc3 75. g7 b4 76. g8=Q b3 77. Qg1 Kc2 78.
Qf2+ Kc1 79. Qe1+ Kc2 80. Qe2+ Kc1 81. Qc4+ Kb2 82. Ke5 Ka1 83. Qa4+ Kb2 84.
Kd4 Kc2 1-0

[Event "Landesliga Ost MVP 2013-14"]
[Site "?"]
[Date "2014.04.06"]
[Round "8.7"]
[White "Boesenberg, Heiko"]
[Black "Pawlowicz, Karsten"]
[Result "1-0"]
[WhiteElo "1590"]
[BlackElo "1558"]
[PlyCount "65"]
[EventType "team-tourn"]
[EventRounds "9"]
[EventCountry "GER"]
[WhiteTeam "SV Motor Wolgast 1949"]
[BlackTeam "SV Rugia Bergen"]
[WhiteTeamCountry "GER"]
[BlackTeamCountry "GER"]

1. d4 d5 2. c4 dxc4 3. Nc3 c6 4. e3 b5 5. a4 b4 6. Ne4 Bf5 7. Qf3 Bxe4 8. Qxe4
Qd5 9. Qc2 a5 10. Nf3 e6 11. Bxc4 Qf5 12. e4 Qg4 13. O-O Nf6 14. Re1 Nfd7 15.
d5 Be7 16. dxe6 fxe6 17. Nd4 Nc5 18. f3 Qg6 19. Be3 O-O 20. Nxe6 Nxe6 21. Qb3
Kh8 22. Bxe6 Rxf3 23. Bf5 Rxf5 24. exf5 Qxf5 25. Rf1 Qg6 26. Rf7 Bd6 27. Bd4
Na6 28. Bxg7+ Qxg7 29. Rxg7 Kxg7 30. Rf1 Ra7 31. Qe6 Bc5+ 32. Kh1 Bd4 33. Qg4+
1-0

[Event "Landesliga Ost MVP 2013-14"]
[Site "?"]
[Date "2014.04.06"]
[Round "8.8"]
[White "Pawlick, Hannes"]
[Black "Klotzsche, Stefan"]
[Result "0-1"]
[WhiteElo "1653"]
[BlackElo "1626"]
[PlyCount "40"]
[EventType "team-tourn"]
[EventRounds "9"]
[EventCountry "GER"]
[WhiteTeam "SV Rugia Bergen"]
[BlackTeam "SV Motor Wolgast 1949"]
[WhiteTeamCountry "GER"]
[BlackTeamCountry "GER"]

1. e4 c5 2. Nf3 e6 3. Nc3 a6 4. d4 cxd4 5. Nxd4 Qc7 6. Nf3 Nc6 7. a3 d6 8. g3
Bd7 9. Bg2 Nf6 10. O-O Rc8 11. Bf4 Be7 12. Rc1 O-O 13. Re1 e5 14. Bg5 Be6 15.
Nd5 Bxd5 16. exd5 Na5 17. Bh3 Rb8 18. Re3 e4 19. Bxf6 Bxf6 20. Nd4 Rfe8 0-1

[Event "Landesliga Ost MVP 2013-14"]
[Site "?"]
[Date "2014.04.06"]
[Round "8.1"]
[White "Alder, Bodo"]
[Black "Luethke, Hans Eckart"]
[Result "0-1"]
[WhiteElo "1915"]
[BlackElo "2096"]
[PlyCount "50"]
[EventType "team-tourn"]
[EventRounds "9"]
[EventCountry "GER"]
[WhiteTeam "SC Seehotel Binz-Therme Rügen"]
[BlackTeam "SSC Graal-Müritz"]
[WhiteTeamCountry "GER"]
[BlackTeamCountry "GER"]

1. e4 c5 2. Nf3 Nf6 3. Nc3 d6 4. g3 Nc6 5. Bg2 e6 6. O-O Be7 7. d4 cxd4 8. Nxd4
Bd7 9. h3 O-O 10. Kh2 a6 11. Nce2 Qc7 12. c3 Rfd8 13. f4 b5 14. Be3 Rab8 15.
Rc1 Na5 16. b3 Nb7 17. c4 b4 18. e5 Ne8 19. Qc2 Nc5 20. Rcd1 Rb6 21. Nf3 Bc6
22. exd6 Bxd6 23. Ng5 g6 24. Rxd6 Qxd6 25. Bxc5 Qxc5 0-1